| 000 | 00735nam a2200253Ia 4500 | ||
|---|---|---|---|
| 003 | OSt | ||
| 005 | 20220928112538.0 | ||
| 006 | a|||||r|||| 00| 0 | ||
| 007 | ta | ||
| 008 | 220927b |||||||| |||| 00| 0 eng d | ||
| 024 | _a77053 | ||
| 037 | _cTextual | ||
| 040 |
_aSDCL _cSDCL _beng |
||
| 041 |
_2eng _aeng |
||
| 082 | _aR3xM89, P5 | ||
| 100 |
_aWhite Carol J _9428665 |
||
| 245 | 0 |
_aTime and death _b Heidegger's analysis of finitude. |
|
| 260 |
_aAldershot _bAshgate _c2005 |
||
| 300 |
_alii,179p _ccm. |
||
| 490 | _aintersections : Continental and analytic philosophy. | ||
| 650 |
_aHeidegger Martin-Philosophy _9397656 |
||
| 942 |
_hR3xM89, P5 _cTEXL _2CC |
||
| 999 |
_c745206 _d745206 |
||